LECTURES IN MICROBIOLOGY (Record no. 216463)

MARC details
000 -LEADER
fixed length control field 00422nam a22001577a 4500
008 - FIXED-LENGTH DATA ELEMENTS--GENERAL INFORMATION
fixed length control field 260116b |||||||| |||| 00| 0 eng d
020 ## - INTERNATIONAL STANDARD BOOK NUMBER
International Standard Book Number 978-81-954009-11
100 ## - MAIN ENTRY--PERSONAL NAME
Personal name BANAJI, NANDITA SHINKRE
245 ## - TITLE STATEMENT
Title LECTURES IN MICROBIOLOGY
260 ## - PUBLICATION, DISTRIBUTION, ETC.
Place of publication, distribution, etc. TELANGANA, INDIA
Name of publisher, distributor, etc. UNIVERSITIES PRESS
Date of publication, distribution, etc. 2021
300 ## - PHYSICAL DESCRIPTION
Extent IX, 278P.
500 ## - GENERAL NOTE
General note INCLUDES INDEX
650 ## - SUBJECT ADDED ENTRY
Topical term or geographic name entry element MICROBIOLOGY
942 ## - ADDED ENTRY ELEMENTS (KOHA)
Source of classification or shelving scheme Library of Congress Classification
Koha item type Long Loan Book
Holdings
Withdrawn status Lost status Source of classification or shelving scheme Damaged status Not for loan Collection Home library Current library Shelving location Date acquired Inventory number Total checkouts Full call number Barcode Date last seen Copy number Price effective from Koha item type Date last checked out
    Library of Congress Classification     Medicine Kisii University Library Kisii University Library On Display 01/16/2026 110716   QR 46 .B36 2021 000000023257 01/16/2026 C.1 01/16/2026 Long Loan Book  
    Library of Congress Classification     Medicine Kisii University Library Kisii University Library On Display 01/16/2026 110717   QR 46 .B36 2021 000000023256 01/16/2026 C.2 01/16/2026 Long Loan Book  
    Library of Congress Classification     Medicine Kisii University Library Kisii University Library On Display 01/16/2026 110718   QR 46 .B36 2021 000000018188 01/16/2026 C.3 01/16/2026 Long Loan Book  
    Library of Congress Classification     Medicine Kisii University Library Kisii University Library On Display 01/16/2026 110719   QR 46 .B36 2021 000000018187 01/16/2026 C.4 01/16/2026 Long Loan Book  
    Library of Congress Classification     Medicine Kisii University Library Kisii University Library On Display 01/16/2026 110720   QR 46 .B36 2021 000000018186 01/16/2026 C.5 01/16/2026 Long Loan Book  
    Library of Congress Classification     Medicine Kisii University Library Kisii University Library On Display 01/16/2026 110721 1 QR 46 .B36 2021 000000018185 04/09/2026 C.6 01/16/2026 Long Loan Book 03/26/2026